| 000 | 00634nam a2200193Ia 4500 | ||
|---|---|---|---|
| 003 | GCL | ||
| 008 | 140319s9999 xx 000 0 ara d | ||
| 040 |
_aGCL / _cGCL |
||
| 082 | 0 | 4 |
_a889 _bك ا |
| 100 | 1 | _aكازانتزاكس، نيقوس | |
| 245 | 1 | 0 |
_aالاخوة الاعداء / _cكازانتزاكس، نيقوس |
| 700 | 1 | _aاسماعيل المهدوى | |
| 300 | _a372 ص | ||
| 490 |
_aالهيئة العامة للاستعلامات _v0 |
||
| 650 | 0 | 4 | _aالعصر الحديث |
| 650 | 0 | 4 | _aالادب اليونانى المترجم |
| 650 | 0 | 4 | _aالقصص اليونانية المترجمة |
| 942 |
_2ddc _cBK |
||
| 999 |
_c47209 _d47209 |
||